00771 a2200253 4500001000700000020001500007020001800022041000800040090001500048092001500063250001000078300001000088490004800098697001700146830004800163856002400211040002500235100003100260245005100291260003800342942000700380952011100387999001900498112358 a1600441866 a9781595155474 apor aSK 578 WHI a2006017575 a. ed. a24 p. aWhitehouse, Patricia, 1958- Animal habitats aRain forests aWhitehouse, Patricia, 1958- Animal habitats u000020/000020f1.jpg aBR-BrIDEAcBR-BrIDEA aWhitehouse, Patriciad195810aLiving in the rainforestc Patricia Whitehouse aVero Beach, FLbRourke Pub.c2007 cBK 00102ddc4070a12.28b12.28d2013-06-18l0oSK 578 WHIp00003532SSWr2024-01-23 14:49:27w2024-01-23yBK c112358d112358